000 00457nam a2200157Ia 4500
003 GCL
008 140319s9999 xx 000 0 ara d
040 _aGCL /
_cGCL
082 0 4 _aط
_b398.21
_bى ب
100 1 _aيعقوب الشارونى
245 1 0 _aالبئر العجيبة /
_cيعقوب الشارونى
490 _aاجمل الحكايات الشعبية
_v0
650 0 4 _aالاطفال
650 0 4 _aقصص الاطفال
942 _2ddc
_cBK
999 _c45158
_d45158